000 00672nam a2200217 a 4500
001 9986
003 CO-ViMGA
008 141112s2004 ck r 000 u spa d
020 _a1801197
040 _aCO-ViMGA
_bspa
_cCO-ViMGA
082 0 4 _a379.861 M47C
110 _aCOLCIENCIAS
_912337
245 1 0 _aInforme conjunto Colombia al filo de la oportunidad
260 _aSantafé de Bogotá :
_bColciencias,
_c1995
300 _a241p. : V.1
500 _aMisión Ciencia, Educación y Desarrollo.
590 _aEjemplares : 2
650 1 4 _aCIENCIA, educación Y DESARROLLO COLOMBIANO
_912338
650 1 4 _aPOR UN PAIS AL ALCANCE DE LOS NIÑOS
_912339
942 _2ddc
_cBK
999 _c21363
_d21363